Statistics for Countries with a Pacific coastline

Click here to take the quiz!

General Stats

  • This quiz has been taken 44 times
    (29 since last reset)
  • The average score is 37 of 42

Answer Stats

Answer% Correct
Australia
96%
USA
96%
Japan
96%
Honduras
96%
Fiji
96%
New Zealand
96%
Canada
96%
China
93%
Tuvalu
93%
Taiwan
93%
Mexico
93%
Russia
93%
Chile
93%
Panama
93%
North Korea
93%
South Korea
93%
Solomon Islands
89%
Peru
89%
Vanuatu
89%
Palau
89%
Samoa
89%
Vietnam
89%
El Salvador
89%
Indonesia
89%
Nauru
85%
Malaysia
85%
Kiribati
85%
Costa Rica
85%
Tonga
85%
East Timor
85%
Ecuador
85%
Colombia
81%
Brunei
81%
Federated States of Micronesia
81%
Guatemala
81%
Papua New Guinea
81%
Marshall Islands
81%
Singapore
78%
Philippines
78%
Thailand
78%
Nicaragua
78%
Cambodia
78%

Score Distribution

Percentile by Number Answered

Percent of People with Each Score

Your Score History

You have not taken this quiz since the last reset